000 00703nam a22002177a 4500
999 _c3202
_d3202
005 20231107084444.0
008 231107b ||||| |||| 00| 0 eng d
020 _a9787107329029
040 _cKH8
082 _a495.186 ZON
100 _a Zong zhu bian Wen Rumin
_eAuthor
245 _a Yu wen : san nian ji
_b语文 : 三年级
_c Zong zhu bian Wen Rumin
260 _aBeijing,
_b Ren min jiao yu chu ban she 人民教育出版社,
_c 2018
300 _a volumes :
_billustrations ;
_c26 cm
440 _a Yi wu jiao yu jiao ke shu
650 _aChinese language
650 _aChinese language Readers
650 _aChinese language Textbooks
700 _aRumin Wen
_eEditor
942 _2ddc
_cTR